Melitianisches Schisma

Saved in:
Bibliographic Details
Main Author: Ritter, Adolf Martin (Author)
Format: Chapter/Article
Language:German
Published: 2002
In: Religion in Geschichte und Gegenwart ; 5: L - M
Year: 2002, Pages: 1020f
Online Access: Get full text
Author Notes:Adolf Martin Ritter

MARC

LEADER 00000caa a22000002c 4500
001 1580068340
003 DE-627
005 20220814220703.0
007 tu
008 180815s2002 xx ||||| 00| ||ger c
035 |a (DE-627)1580068340 
035 |a (DE-576)510068340 
035 |a (DE-599)BSZ510068340 
035 |a (OCoLC)1341016863 
040 |a DE-627  |b ger  |c DE-627  |e rda 
041 |a ger 
084 |a 12  |2 sdnb 
084 |a 1  |2 ssgn 
100 1 |a Ritter, Adolf Martin  |d 1933-2025  |e VerfasserIn  |0 (DE-588)119129914  |0 (DE-627)079924654  |0 (DE-576)162740387  |4 aut 
245 1 0 |a Melitianisches Schisma  |c Adolf Martin Ritter 
264 1 |c 2002 
300 |a ? 
336 |a Text  |b txt  |2 rdacontent 
337 |a ohne Hilfsmittel zu benutzen  |b n  |2 rdamedia 
338 |a Band  |b nc  |2 rdacarrier 
773 0 8 |i Enthalten in  |t Religion in Geschichte und Gegenwart ; 5: L - M  |b 4., völlig neu bearb. Aufl.  |d Tübingen : Mohr Siebeck, 2002  |g (2002) Spalte 1020f  |h LXXIV S., 1704 Sp.  |w (DE-627)1170962548  |w (DE-576)100962548  |z 3161469453  |7 nnam  |a Melitianisches Schisma 
773 1 8 |g year:2002  |g pages:1020f  |g extent:?  |a Melitianisches Schisma 
776 0 8 |i Erscheint auch als  |n Online-Ausgabe  |a Ritter, Adolf Martin, 1933 - 2025  |t Melitianisches Schisma  |d 2002  |w (DE-627)158006860X  |w (DE-576)51006860X 
951 |a AR 
992 |a 20180815 
993 |a BookComponentPart 
998 |g 119129914  |a Ritter, Adolf Martin  |m 119129914:Ritter, Adolf Martin  |d 10000  |e 10000PR119129914  |k 0/10000/  |p 1  |x j  |y j 
999 |a KXP-PPN1580068340  |e 3022399782 
BIB |a Y 
JSO |a {"type":{"bibl":"chapter"},"title":[{"title":"Melitianisches Schisma","title_sort":"Melitianisches Schisma"}],"person":[{"family":"Ritter","display":"Ritter, Adolf Martin","role":"aut","given":"Adolf Martin"}],"language":["ger"],"id":{"eki":["1580068340"]},"origin":[{"dateIssuedKey":"2002","dateIssuedDisp":"2002"}],"physDesc":[{"extent":"? S."}],"recId":"1580068340","name":{"displayForm":["Adolf Martin Ritter"]},"relHost":[{"part":{"pages":"1020f","extent":"?","text":"(2002) Spalte 1020f","year":"2002"},"recId":"1170962548","disp":"Melitianisches SchismaReligion in Geschichte und Gegenwart ; 5: L - M","relMultPart":[{"part":{"number":["5"],"number_sort":["5"]},"name":{"displayForm":["hrsg. von Hans Dieter Betz ..."]},"recId":"1134289502","titleAlt":[{"title":"RGG4"}],"origin":[{"publisher":"Mohr Siebeck","dateIssuedKey":"1998","editionNo":"4","publisherPlace":"Tübingen","edition":"4., völlig neu bearb. Aufl.","dateIssuedDisp":"1998-2007"}],"id":{"eki":["1134289502"]},"language":["ger"],"person":[{"display":"Betz, Hans Dieter","family":"Betz","given":"Hans Dieter","role":"edt"},{"given":"Don S.","role":"edt","family":"Browning","display":"Browning, Don S."}],"title":[{"title":"Religion in Geschichte und Gegenwart","subtitle":"[RGG]; Handwörterbuch für Theologie und Religionswissenschaft","title_sort":"Religion in Geschichte und Gegenwart"}],"ga":1,"type":{"bibl":"edited-book"}}],"physDesc":[{"noteIll":"Ill., Kt.","extent":"LXXIV S., 1704 Sp."}],"id":{"isbn":["3161469453"],"eki":["1170962548"]},"origin":[{"publisherPlace":"Tübingen","edition":"4., völlig neu bearb. Aufl.","editionNo":"4","dateIssuedKey":"2002","publisher":"Mohr Siebeck","dateIssuedDisp":"2002"}],"title":[{"title":"L - M"}],"type":{"bibl":"book"},"language":["ger"]}]} 
SRT |a RITTERADOLMELITIANIS2002